000 005170000a22001810004500
003 MACL
005 20160416161804.0
008 160416b xxu||||| |||| 00| 0 eng d
040 _aMACL
_cMACL
041 _aHindi
082 _a610
100 _aशर्मा संतशरण
_948832
245 _aआयुर्वेदिक औषधीय योग
260 _bअमर प्रकाशन
_c2008
_aमथुरा
350 _a150
650 _aMedical Science
_952522
942 _cHIN
_k610
_2ddc
999 _c11486
_d11486